Представление документа в формате MARC21

Поле Инд. ПП Название Значение
Тип записи a
Библиографический уровень b
001 Контрольный номер RU/IS/BASE/148579297
005 Дата корректировки 20200608194358.4
084 a Индекс другой классификации/Индекс ББК 60.524.224.67
097 00 a 730
100 10 a Автор Коломиец В. П.
245 00 a Заглавие Реклама в социологическом видении
650 a Основная рубрика реклама
a Основная рубрика социология
653 00 a Ключевые слова рекламная индустрия
a Ключевые слова рекламные кампании
a Ключевые слова социология досуга
a Ключевые слова социология рекламы
773 00 t Заглавие источника Вестник Московского университета. Серия 18, Социология и политология
d Дата издания источника 2001
g Прочая информация № 1. - С. 165 - 170
w Контрольный № источника RU/IS/BASE/148578682
901 t Тип документа b